|
|
|
|
| LEADER |
01491nam a2200313 a 4500 |
| 001 |
1806485 |
| 005 |
19920521074802.7 |
| 008 |
090513s1977 bg b b f000 0 eng d |
| 010 |
|
|
|a 78905759
|
| 040 |
|
|
|a DLC
|c DLC
|d DLC
|
| 082 |
0 |
0 |
|a 633/.18/9095492
|
| 245 |
0 |
0 |
|a Literature review of insect pests and diseases of rice in Bangladesh.
|
| 250 |
|
|
|a 1st ed.
|
| 260 |
|
|
|a Dhaka :
|b Bangladesh Rice Research Institute,
|c 1977.
|
| 300 |
|
|
|a 131 p. :
|b map ;
|c 23 cm.
|
| 490 |
1 |
|
|a Publication -- Bangladesh Rice Research Institute ; no. 25
|
| 504 |
|
|
|a Includes bibliographies.
|
| 500 |
|
|
|a Tk25.00
|
| 541 |
1 |
|
|e 00003264
|
| 650 |
|
0 |
|a Rice
|x Diseases and pests
|z Bangladesh.
|
| 650 |
|
0 |
|a Rice
|x Diseases and pests
|z Bangladesh
|x Bibliography.
|
| 650 |
|
0 |
|a Insect pests
|z Bangladesh.
|
| 650 |
|
0 |
|a Insect pests
|z Bangladesh
|x Bibliography.
|
| 710 |
2 |
|
|a Bangladesh Rice Research Institute.
|
| 810 |
2 |
|
|a Bangladesh Rice Research Institute.
|t Publication - Bangladesh Rice Research Institute ;
|v no. 25.
|
| 852 |
4 |
|
|a <add library>
|j <shelf mark>
|
| 999 |
|
|
|c 662
|d 662
|
| 952 |
|
|
|0 0
|1 0
|2 ddc
|4 0
|6 633_189549200000000_BAN_1977
|7 0
|8 NFIC
|9 610
|a BRACUL
|b BRACUL
|c GEN
|d 2009-05-13
|g 0.00
|l 0
|o 633.1895492 BAN
|p 3010003264
|r 2009-05-13
|t 1
|w 2009-05-13
|y BK
|x No price found in the accession register.
|
| 952 |
|
|
|0 0
|1 0
|2 ddc
|4 0
|6 633_189549200000000_BAN_1977
|7 0
|9 11049
|a BRACUL
|b BRACUL
|c GEN
|d 2010-06-17
|g 0.00
|l 0
|o 633.1895492 BAN
|p 3010000467
|r 2010-06-17
|t 2
|w 2010-06-17
|y BK
|z Not price in Register
|x Not price in Register
|